La protección del conocimiento tradicional en Colombia / (Registro nro. 18792)
[ vista simple ]
| 000 -CABECERA | |
|---|---|
| Campo de control | 01187cam a2200289 4500 |
| 005 - FECHA Y HORA DE LA ULTIMA TRANSACCION | |
| Campo de control | 20191015112527.0 |
| 008 - ELEMENTOS DE LONGITUD FIJA—INFORMACION GENERAL | |
| Campo de control | 110729s2010 ck ad r 000 0 spa d |
| 020 ## - ISBN | |
| ISBN | 9789589934029 |
| 040 ## - FUENTE DE CATALOGACIÓN | |
| Agencia catalogadora original | CO-BoPUJ |
| Agencia transcriptora | CO-BoIAVH |
| Agencia Modificadora | CO-BoIAVH |
| 041 0# - IDIOMA | |
| Código de idioma para texto/pista de sonido o título separado | Español |
| 044 ## - PAÍS DE PUBLICACIÓN | |
| País de publicación | Colombia |
| 082 04 - NUMERO DE CLASIFICACION DECIMAL DEWEY | |
| Número de clasificación | 346.048 |
| Número del ítem | V18p |
| 100 1# - ASIENTO PRINCIPAL--NOMBRE PERSONAL | |
| Nombre personal | Vallejo Trujillo, Florelia |
| Fechas asociadas con el nombre | 1975- |
| Término relacionado | autora |
| 9 (RLIN) | 71686 |
| 245 13 - MENCION DE TITULO | |
| Título | La protección del conocimiento tradicional en Colombia / |
| Mención de responsabilidad | Florelia Vallejo Trujillo |
| 250 ## - MENCION DE EDICION | |
| Mención de edición | Primera edición |
| 260 ## - PUBLICACION, DISTRIBUCION, ETC. (PIE DE IMPRENTA) | |
| Lugar de publicación, distribución, etc. | Bogotá : |
| Nombre del editor, distribuidor, etc. | Universidad Nacional de Colombia, |
| Fecha de publicación, distribución, etc. | 2010. |
| 300 ## - DESCRIPCION FISICA | |
| Extensión | 128 páginas : |
| Otros detalles físicos | ilustraciones y tablas ; |
| Dimensiones | 24 x 17 cm. |
| 490 0# - MENCION DE SERIE | |
| Mención de serie | Series PLEBIO. |
| -- | Documentos de investigación ; |
| Designación numérica/secuencial del volumen | 6 |
| 500 ## - NOTA GENERAL | |
| Nota general | Incluye índice. |
| 504 ## - NOTA DE BIBLIOGRAFIA, ETC. | |
| Nota de bibliografía | Incluye referencias bibliográficas: páginas 119-128. |
| 650 #0 - ASIENTO SECUNDARIO DE MATERIA - TERMINO TEMATICO | |
| Término temático o nombre geográfico como elemento de entrada | Conservación de la biodiversidad |
| Subdivisión general | Ley y legislación |
| Subdivisión geográfica | Leyes y legislación |
| 9 (RLIN) | 71617 |
| Subdivisión cronológica | Colombia |
| 650 26 - ASIENTO SECUNDARIO DE MATERIA - TERMINO TEMATICO | |
| Término temático o nombre geográfico como elemento de entrada | Cultura tradicional |
| Subdivisión general | Aspectos jurídicos |
| Subdivisión geográfica | Colombia |
| 9 (RLIN) | 71688 |
| 650 24 - ASIENTO SECUNDARIO DE MATERIA - TERMINO TEMATICO | |
| Término temático o nombre geográfico como elemento de entrada | Propiedad intangible |
| 9 (RLIN) | 71689 |
| 650 24 - ASIENTO SECUNDARIO DE MATERIA - TERMINO TEMATICO | |
| Término temático o nombre geográfico como elemento de entrada | Protección del patrimonio cultural |
| Subdivisión general | Aspectos jurídicos |
| Subdivisión geográfica | Colombia |
| 9 (RLIN) | 71690 |
| 650 26 - ASIENTO SECUNDARIO DE MATERIA - TERMINO TEMATICO | |
| Término temático o nombre geográfico como elemento de entrada | Propiedad intelectual |
| 9 (RLIN) | 95604 |
| 942 ## - ELEMENTOS ADICIONALES (KOHA) | |
| Sistema de clasificación | Dewey Decimal Classification |
| Tipo de ítem | Libro |
| Koha issues (borrowed), all copies | 1 |
| Withdrawn status | Lost status | Sistema de Clasificación | Damaged status | No para préstamo | Colección | Inventariado | Ubicación Permanente | Ubicación actual | Fecha de adquisición | Fuente de Valor | Valor | Total Checkouts | Número topográfico | Inventario / Código de Barras | Date last seen | Date checked out | Ejemplar | Price effective from | Forma de adquisición | Tipo de material |
|---|---|---|---|---|---|---|---|---|---|---|---|---|---|---|---|---|---|---|---|---|
| Dewey Decimal Classification | General | Inventariado 2017 | Bogotá | Bogotá | 13/06/2016 | Instituto | 39000.00 | 1 | LB-346.048 V18p | 040445 | 01/12/2017 | 01/12/2017 | Ej. 1 | 13/06/2016 | Donación | Libro | ||||
| Dewey Decimal Classification | General | Inventariado 2017 | Bogotá | Bogotá | 04/03/2017 | Instituto | 39000.00 | LB-346.048 V18p | 041062 | 04/03/2017 | Ej. 2 | 04/03/2017 | Donación | Libro | ||||||
| Dewey Decimal Classification | General | Bogotá | Bogotá | 02/01/2020 | LB-346.048 V18p | 043967 | 02/01/2020 | Ej.3 | 02/01/2020 | Donación | Libro |